| 000 | 00317nam a22001217a 4500 | ||
|---|---|---|---|
| 082 | _a220 PRO | ||
| 100 |
_aUSMAN,USMAN ALI,FAHAD _972423 |
||
| 245 | _aPR-SOF-1080-INTLLIGENT DRIVING SYSTEM | ||
| 260 |
_aISLAMABAD _bNUST COLLEGE OF EME _c2011 |
||
| 650 |
_aDE-MTS-29 _972424 |
||
| 700 | _aDR KUNWAR FARAZ | ||
| 942 | _cCR | ||
| 999 |
_c578459 _d578459 |
||